000
00248nam a2200097Ia 4500
001
800439
005
20250826171019.0
008
250824s9999 xx 000 0 und d
245
0
_a
OSMANLI TARİHİ4
_c
ZEHRA AYGÜL
260
_b
UĞUR BÖCEĞİ YAYINLARI
999
_c
800439
_d
800439